History of christian missionary schools in doon valley/ (Record no. 156589)

MARC details
000 -LEADER
fixed length control field 00675nam a22001937a 4500
005 - DATE AND TIME OF LATEST TRANSACTION
control field 20180830115525.0
010 ## - LCCN (DPL NO)
LC control number ENG-123896
020 ## - INTERNATIONAL STANDARD BOOK NUMBER
Terms of availability 360.00
International Standard Book Number 9788190983334
035 ## - SYSTEM CONTROL NUMBER
System control number EN-107428
037 ## - SOURCE OF ACQUISITION
Source of stock number/acquisition DBAD/PUB
082 ## - DEWEY DECIMAL CLASSIFICATION NUMBER
Classification number 371.071095413
100 ## - MAIN ENTRY--PERSONAL NAME
Personal name Pandey, Anju Bali
245 ## - TITLE STATEMENT
Title History of christian missionary schools in doon valley/
Statement of responsibility, etc by Anju Bali Pandey
260 ## - PUBLICATION, DISTRIBUTION, ETC. (IMPRINT)
Date of publication, distribution, etc 2013
Place of publication, distribution, etc New Delhi
Name of publisher, distributor, etc Image India Publihers and distributors
270 ## - ADDRESS
Address 4393/4-A, Murari Lal Street, Ansari Road, Daryaganj,
City New Delhi
Postal code 110002
300 ## - PHYSICAL DESCRIPTION
Dimensions 22cm.(Hb.)
Extent 144p.
Other physical details ill.(pictures)
500 ## - GENERAL NOTE
General note It includes bibliography
942 ## - ADDED ENTRY ELEMENTS (KOHA)
Item type English Books
Source of classification or shelving scheme Dewey Decimal Classification
Call number suffix PAN
Classification part 371.071095413
Holdings
Withdrawn status Lost status Not for loan Collection code Home library Current library Date acquired Source of acquisition Cost, normal purchase price Full call number Barcode Copy number Cost, replacement price Koha item type
    Not For Loan Non-fiction D.B.Act.Division Bawana 29/08/2018 DBAD/PUB 360.00 371.071095413 PAN EN-107428 1 360.00 English Books

© Delhi Public Library
Hit Counter
free hit counter